00402nam a2200157Ia 4500008004100000020001400041084001500055100001900070245003800089250002000127260001900147260000900166260002200175300001200197500003500209180424s9999 xx 000 0 und d a137961774 a762.077 B1 a"Bunn, John W" 0aScientific Principles of Coaching a\\197202ENGGPSX aPrentice Hall  b1972 cEnglewood Cliffs  axi+338p aincludes index and biblioraphy